36_徳島県の市町村(ひらがな対応・五十音順) - Statistics

General Stats
  • This quiz has been taken 23 times
  • The average score is 22 of 24
Answer Stats
種類 市町村名 % Correct
阿南市
100%
小松島市
100%
徳島市
100%
鳴門市
100%
美馬市
100%
藍住町
94%
阿波市
94%
つるぎ町
94%
那賀町
94%
東みよし町
94%
三好市
94%
吉野川市
94%
板野町
88%
上板町
88%
佐那河内村
88%
美波町
88%
牟岐町
88%
石井町
82%
海陽町
82%
上勝町
82%
北島町
82%
勝浦町
76%
松茂町
76%
神山町
71%
No matching quizzes found
Score Distribution
Percent of People with Each Score
Percentile by Number Answered
Your Score History
You have not taken this quiz